| 000 -LEADER | |
|---|---|
| fixed length control field | 00423pam a2200157 a 4500 |
| 020 ## - INTERNATIONAL STANDARD BOOK NUMBER | |
| ISBN | 0801025214 (pbk.) : |
| 050 00 - LIBRARY OF CONGRESS CALL NUMBER | |
| Classification number | BS2675.2 |
| 100 1# - MAIN ENTRY--AUTHOR NAME | |
| Personal name | Carson, D. A. |
| 245 10 - TITLE STATEMENT | |
| Title | Showing the Spirit : |
| 260 ## - PUBLICATION, DISTRIBUTION, ETC. (IMPRINT) | |
| Place of publication | Grand Rapids, Mich. : |
| Name of publisher | Baker Book House, |
| Year of publication | c1987. |
| 300 ## - PHYSICAL DESCRIPTION | |
| Number of Pages | 229 p. ; |
| 500 ## - GENERAL NOTE | |
| General note | "Moore College lectures of September 1985"--Pref. |
| General note | Includes indexes. |
| 650 #0 - SUBJECT ADDED ENTRY--TOPICAL TERM | |
| Topical Term | Gifts, Spiritual |
| 942 ## - ADDED ENTRY ELEMENTS (KOHA) | |
| Koha item type | Books |
| Koha item type | Collection code | Shelving location | Accession Number | Permanent Location | Current Location | Date acquired | Full call number |
|---|---|---|---|---|---|---|---|
| Books | Reference | Reference | 1678 | Chapman Library | Chapman Library | 2016-11-03 | BS2675.2car |

